| 000 | 00705cam a2200253 a 4500 | ||
|---|---|---|---|
| 001 | 000008609 | ||
| 005 | 20200929161354.0 | ||
| 008 | 760423s1988 sp a 000 p spa d | ||
| 020 | _a843220269X | ||
| 040 |
_aDO-SdBNP _bspa _cLC _dBNPHU |
||
| 082 |
_aM861.44 _bP348m, 1988 |
||
| 100 | 1 |
_aPaz, Octavio, _d1914-1998 _98703 |
|
| 245 | 1 | 3 |
_aEl mono gramático / _cOctavio Paz. |
| 250 | _a2a ed. | ||
| 260 |
_aBarcelona : _bSeix Barral, _c1988. |
||
| 300 |
_a142 p. : _bil. ; _c20 cm. |
||
| 490 | 1 | _aBiblioteca breve | |
| 650 | 4 |
_aPoesía mexicana _99120 |
|
| 650 | 4 |
_aLiteratura mexicana _91922 |
|
| 830 | 0 |
_aBiblioteca breve _913442 |
|
| 910 | _aCatalogación derivada | ||
| 910 | _aWM | ||
| 049 | _aBNGR | ||
| 999 |
_c8379 _d8379 |
||